000 00247nam a2200097Ia 4500
001 711510
005 20250826162809.0
008 250824s9999 xx 000 0 und d
245 0 _aNEW YORK SEYİR DEFTERİ
_cBUKET UZUNER
260 _bEVEREST YAYINLARI
999 _c711510
_d711510